Chynorany - námestie

Zobrazenie: Pohľad na ulicu lemovanú domami a námestie s kostolom vprednej časti záberu rastie vľavo mohutný strom

Bibliographic Details
Other Authors: Malina, Edo (fotograf) (Photographer)
Format: Postcard
Language:Slovak
PhysicalDescription:1 pohľadnica čiernobiela 11 x 15 cm
Published: [Bratislava] VPL 1967
Subjects:

MARC

LEADER 00000nkm a2200000 a 4500
001 vtls012016951
003 SK-MaSNL
005 20260512123223.0
007 kp bo
008 231121s1967 xo g kuslo
015 |a SNBG1967 
035 |a urn:nbn:sk:snk-km00fa2j 
035 |a urn:nbn:sk:snk-km45spi 
035 |a E21FCB1D-875E-4489-AB58-55386C4326EC 
040 |a SNK  |b slo  |c SNK  |e AACR2 
041 0 |a slo 
043 |a e-xo--- 
044 |a xo  |c SK 
072 7 |a 913  |x Regionálna geografia  |2 konspekt 
080 |a 913(437.6)  |2 2011 
080 |a (084.121)  |2 2011 
080 |a 711.61  |2 2011 
080 |a 711.73  |2 2011 
080 |a 726:27-523.42  |2 2011 
080 |a 721  |2 2011 
100 1 |a Malina, Edo  |c (fotograf)  |4 pht  |9 442191 
245 1 0 |a Chynorany - námestie  |h grafika  |c Foto Edo Malina 
260 |a [Bratislava]  |b VPL  |c 1967 
300 |a 1 pohľadnica  |b čiernobiela  |c 11 x 15 cm 
520 8 |a Zobrazenie: Pohľad na ulicu lemovanú domami a námestie s kostolom vprednej časti záberu rastie vľavo mohutný strom 
650 0 7 |a námestia  |2 SNKPH  |9 26291 
650 0 7 |a ulice  |2 SNKPH  |9 2938 
650 0 7 |a kostoly  |2 SNKPH  |9 3023 
650 0 7 |a budovy  |2 SNKPH  |9 1283 
651 7 |a Chynorany (Slovensko)  |2 SNKPHgeo  |9 51953 
655 7 |a miestne pohľadnice  |2 SNKPH  |9 70510 
852 |a Slovenská národná knižnica 
958 |a GBN 
958 |a GC 
958 |a OND 
958 |a EUIPO 
999 |c 697129  |d 699059 
952 |a SNK  |b SNK  |y PREZ  |7 0  |p 17A1246033  |o snkSP 38527  |0 0  |1 0  |4 0  |d 2021-03-06  |f 1  |l 0  |r 2026-02-23 20:45:51  |w 2026-02-23